000 00772cam a22002534a 4500
001 12195916
005 20180125070019.0
008 001005s2001 nyua b 001 0 eng
010 _a 00050980
020 _a0471361798 (alk. paper)
040 _aDLC
_cDLC
_dDLC
041 _aeng
042 _apcc
043 _an-us---
080 _a657.835 mic
082 0 0 _a657.835 mic
_221
100 1 _a62
101 _akon
245 1 0 _aGovernment and not-for-profit accounting :
_cMichael H. Granof.
504 _aIncludes bibliographical references and index.
906 _a7
_bcbc
_corignew
_d1
_eocip
_f20
_gy-gencatlg
942 _2ddc
_cBK
999 _c40927
_d40927